Get the Picture: Big 4 'D' All-Stars Quiz Stats

 Plays Quiz Updated May 31, 2019

Score 0/12 Timer 01:30
0 Plays Today
Question Answer Wrong Answers
Joe DiMaggio MLB
90.4%
NBA
2%
NFL
2.4%
NHL
2.6%
Tim Duncan NBA
88.5%
MLB
4.9%
NFL
2.3%
NHL
2%
Pavel Datsyuk NHL
86.4%
MLB
4.5%
NBA
3.7%
NFL
2.5%
Clyde Drexler NBA
82.4%
MLB
7%
NFL
4.4%
NHL
3.2%
Terrell Davis NFL
79.8%
MLB
6.6%
NBA
8.1%
NHL
2.8%
Eric Dickerson NFL
75.4%
MLB
10.8%
NBA
6.6%
NHL
4.4%
Don Drysdale MLB
72.9%
NBA
6.7%
NFL
7.1%
NHL
10.2%
Marcel Dionne NHL
70.1%
MLB
10.4%
NBA
8.7%
NFL
7.8%
Joe Dumars NBA
63.2%
MLB
12.6%
NFL
6.1%
NHL
15%
Bill Dickey MLB
60.2%
NBA
14%
NFL
12.2%
NHL
10.7%
Drew Doughty NHL
52.8%
MLB
18.7%
NBA
14.1%
NFL
11.2%
Mark Duper NFL
43.8%
MLB
19.9%
NBA
13.5%
NHL
19.5%

Today's Daily Dose

Missing Word
Banned Books (A-Z)

Word Ladder
Janis Joplin

Get the Picture
Occupations

You're not logged in!

Compare scores with friends on all Sporcle quizzes.
OR
Log In

Sporcle TV

Today on Sporcle TV


Watch our educational content, quiz creation guides, and fun videos on Sporcle TV.

Show Comments

Extras

Top Quizzes Today


Score Distribution

Your Account Isn't Verified!

In order to create a playlist on Sporcle, you need to verify the email address you used during registration. Go to your Sporcle Settings to finish the process.

Report this User

Report this user for behavior that violates our Community Guidelines.

Details: